[Event "Dublin Irish op"]
[Site "Dublin"]
[Date "2019.04.21"]
[Round "8"]
[White "Jordan, Felix"]
[Black "Fitzpatrick, Kevin"]
[Result "1-0"]
[WhiteElo "1538"]
[BlackElo "1427"]
[PlyCount "121"]
[EventDate "2019.04.17"]
[EventType "swiss"]
[EventRounds "9"]
[EventCountry "IRL"]
[SourceTitle "CBM 190 Extra"]
[Source "ChessBase"]
[SourceDate "2019.07.15"]
[SourceVersion "1"]
[SourceVersionDate "2019.07.15"]
[SourceQuality "1"]

1. e4 c5 2. Nf3 Nc6 3. d4 b6 4. d5 Nb8 5. c4 d6 6. h3 e5 7. Nc3 h6 8. Be3 Be7 9. a3 Nf6 10. Bd3 Nh7 11. b4 0-0 12. g4 g5 13. Rg1 f6 14. h4 Kf7 15. hxg5 fxg5 16. bxc5 bxc5 17. Bc2 Nf6 18. Nh2 Qa5 19. Bd2 Bd7 20. f3 Qa6 21. Bd3 Rh8 22. Nb5 Qc8 23. Nf1 a6 24. Nc3 Qg8 25. Ng3 Qd8 26. Nf5 Bxf5 27. exf5 Ng8 28. Ne4 Nd7 29. Qc2 Ngf6 30. Ke2 Qc7 31. Rh1 Nxe4 32. Bxe4 Bf6 33. Rh2 Bg7 34. Rah1 Nf6 35. Rb1 Rhb8 36. Rhh1 Nxe4 37. fxe4 Kg8 38. Rbf1 Qf7 39. f6 Bf8 40. Rf5 Rb7 41. Bxg5 Rab8 42. Bc1 Qg6 43. Rg1 Kf7 44. Qa4 h5 45. g5 h4 46. Kf2 Rb6 47. Qd7+ Kg8 48. Qe6+ Kh7 49. f7 Rb2+ 50. Bxb2 Rxb2+ 51. Ke3 Rb3+ 52. Kd2 Qxe6 53. dxe6 Kg7 54. g6 Rxa3 55. Rh5 h3 56. Rh7+ Kf6 57. g7 Ra2+ 58. Kc3 h2 59. Rxh2 Rxh2 60. gxf8Q Rh3+ 61. Kd2 1-0

[Event "IRL-ch Weekender op"]
[Site "Dublin"]
[Date "2018.08.11"]
[Round "2.19"]
[White "Fitzpatrick, Kevin"]
[Black "Dimitrov, Nikolai"]
[Result "0-1"]
[WhiteElo "1428"]
[BlackElo "1322"]
[PlyCount "132"]
[EventDate "2018.08.10"]
[EventType "swiss"]
[EventRounds "5"]
[EventCountry "IRL"]
[SourceTitle "EXT 2023"]
[Source "ChessBase"]
[SourceDate "2022.10.05"]
[SourceVersion "1"]
[SourceVersionDate "2022.10.05"]
[SourceQuality "1"]

1. d4 d5 2. e3 Nf6 3. Bd3 Nc6 4. f4 Nb4 5. Be2 Bf5 6. Na3 c6 7. c3 Na6 8. Nf3 h6 9. 0-0 e6 10. Ne5 Qb6 11. Nb1 c5 12. Nd2 cxd4 13. exd4 Bd6 14. Ndf3 0-0 15. Kh1 Nc7 16. Nh4 Bh7 17. Qe1 a5 18. Qg3 a4 19. f5 Nce8 20. Bd3 Qc7 21. Bxh6 Nh5 22. Qg5 f6 23. Qxh5 fxe5 24. Be3 e4 25. Bb5 Nf6 26. Qg5 e5 27. Be2 exd4 28. Bxd4 Bxh2 29. Rac1 Ra5 30. c4 Be5 31. cxd5 Qd6 32. Bxe5 Qxe5 33. Bc4 Qd6 34. Ng6 Rf7 35. Rf4 Rc5 36. Rh4 Rfc7 37. Rc3 Rxc4 38. Rxh7 Nxh7 39. Qh4 Rxc3 40. bxc3 e3 41. Qe4 Nf6 42. Qxa4 Rc8 43. Qd4 e2 44. Qh4 e1Q+ 45. Qxe1 Re8 46. Qh4 Nh7 47. Qf2 Qxd5 48. Kh2 Qd6+ 49. Kh3 Qd3+ 50. Kh2 Qxc3 51. a4 Qc7+ 52. g3 b6 53. Qa2+ Qf7 54. Qf2 Re6 55. Qa2 Rxg6 56. Qxf7+ Kxf7 57. fxg6+ Kxg6 58. Kg2 Kf5 59. Kf3 Ng5+ 60. Ke3 Kg4 61. Kd3 Kxg3 62. Kc4 Ne4 63. Kb5 Nc3+ 64. Kxb6 Nxa4+ 65. Kc6 Kf4 66. Kd6 g5 0-1